The Industrial Revolution: the state, knowledge and Global Trade/
Salvato in:
| Autore principale: | |
|---|---|
| Natura: | Libro |
| Lingua: | inglese |
| Pubblicazione: |
Bloomsbury Academic,
2017
|
| Tags: |
Aggiungi Tag
Nessun Tag, puoi essere il primo ad aggiungerne!!
|
MARC
| LEADER | 00000nam a22000007a 4500 | ||
|---|---|---|---|
| 008 | 210906b ||||| |||| 00| 0 eng d | ||
| 020 | |a 978-1-47428646-6 | ||
| 100 | |a ASHWORTH, William J. | ||
| 245 | |a The Industrial Revolution: |b the state, knowledge and Global Trade/ |c William J. Ashworth |g xi, 333p.; ill. | ||
| 260 | |b Bloomsbury Academic, |c 2017 |h London |i 696205- Soc. |i 696206 |i 696207 |l HD8390 .As3 |m Working class – Political activity – Britain – History |m Industrial revolution – Britain. |m Britain – Social conditions. |m Title. | ||
| 500 | |a “It includes index and references” | ||
| 942 | |a lcc |c BK |e j. o. ifatola |f 06/ 09/ 2021 | ||
| 952 | |0 0 |1 0 |2 lcc |4 0 |6 HD8390 A S3 |7 0 |9 3390 |a HOL |b HOL |c GJ |d 2021-09-06 |l 0 |o HD8390 .As3 |p 2021-67098 |r 2021-09-06 00:00:00 |w 2021-09-06 |y BK | ||
| 952 | |0 0 |1 0 |2 lcc |4 0 |6 HD8390 A S3 |7 0 |9 3391 |a HOL |b HOL |c GJ |d 2021-09-06 |l 0 |o HD8390 .As3 |p 2021-67099 |r 2021-09-06 00:00:00 |w 2021-09-06 |y BK | ||
| 952 | |0 0 |1 0 |2 lcc |4 0 |6 HD8390 A S3 |7 0 |9 3392 |a HOL |b SSL |c GJ |d 2021-09-06 |l 0 |o HD8390 .As3 |p 2021-67100 |r 2021-09-06 00:00:00 |w 2021-09-06 |y BK | ||
| 999 | |c 1687 |d 1687 | ||